Endangered Species Quiz - Sharks - Statistics

General Stats
  • This quiz has been taken 43 times
    42 since last reset
  • The average score is 13 of 20
Answer Stats
Question Answer % Correct
Sharks may have survived mass extinction events, but now they are endangered. Why? All of the above
94%
What role do sharks play in maintaining the health of marine ecosystems? Apex Predators
91%
What can be done to protect and save the sharks? All of the above
88%
What's the name of the shark character in "Finding Nemo?" Bruce
88%
Sharks are built different because they have bones that make them different from other fish species. What are shark skeletons made of? Cartilage
88%
Bull sharks are unique of their one and only feature. What is it? Survive in freshwater
88%
Which is the largest shark of all? Whale Shark
88%
Which is the fastest species of shark? Mako Shark
82%
Sharks have an extraordinary sixth sense. What is it called? Electroreception
76%
If the whale shark is the largest shark, what shark is the second largest? Basking Shark
71%
Sharks are examples of creatures that are supremely adapted to their environment. How long have sharks roamed the seas? 450-360 million years ago
65%
Which species of shark is the smallest? Dwarf lantern shark
65%
What are baby sharks called? Pups
65%
Hammerhead sharks have heads shaped like hammers. What does it use its head for? Trapping stingrays
56%
It is very scary to think of sharks because of their sharp teeth. How many teeth can a shark have? Thousands
53%
Shark eggs are shaped unlike other fishes' eggs. What are shark eggs called? Mermaid purses
44%
How many shark species are there? 500
38%
After eating a seal or a sea lion, how long can a great white shark go without another big meal? One month
38%
Which organ helps sharks to float? Liver
32%
What is a group of sharks called? A shoal
24%
No matching quizzes found
Score Distribution
Percent of People with Each Score
Percentile by Number Answered
Your Score History
You have not taken this quiz since the last reset